000
00290nam a22001337a 4500
008
181106b xxu||||| |||| 00| 0 eng d
020
_a
0452006015
041
_a
eng
080
_a
159.9
100
_a
48
101
_a
PSI
245
_a
Mind Mood & Medicine
_c
Wender,P.H
942
_2
udc
_c
BK
999
_c
52005
_d
52005